000 00456pab a2200181 454500
008 180718b2009 xxu||||| |||| 00| 0 eng d
100 _aChakrabarty, Manas
245 _aRegionalism: a colonial legacy of the British
260 _c2009
300 _ap.693-704.
362 _aJul-Sep
650 _aRegionalism
700 _aRoy, Jaydip
700 _aDatta, Ajoy Kr.
773 _aIndian Journal of Political Science
908 _aN
909 _a85027
999 _c85027
_d85027